| 000 | 00335nam a22001337a 4500 | ||
|---|---|---|---|
| 020 | _a978-0-07-070499-2 | ||
| 082 |
_a510 _bDUB/M |
||
| 100 | _aMANOJ DUBEY, R.S. TOMAR | ||
| 245 |
_aTARGET 2011 MATHEMATICS _bFOR CLASS X |
||
| 260 |
_aDELHI _bTATA McGRAW HILL EDUCATION |
||
| 300 | _a626 | ||
| 650 |
_aMATHS FOR CLASS X _zINDIA |
||
| 942 | _cBK | ||
| 999 |
_c765 _d765 |
||